| 000 | 005340000a22001930004500 | ||
|---|---|---|---|
| 003 | LK-CoMWRAF | ||
| 008 | 230817t ||||| |||| 00| 0 eng d | ||
| 040 |
_aLK-CoMWRAF _dLK-CoMWRAF _eLK-CoMWRAF |
||
| 041 | _aeng | ||
| 082 |
_a301.51 _bCRE |
||
| 245 |
_aCreating legal awareness among women _breport of joint workshop held on 26 June, 1988 |
||
| 260 |
_aColombo _bCENWOR _c1988 |
||
| 300 | _ap.50 | ||
| 490 | _aDocumentation series No:9 | ||
| 650 | _alegal awareness | ||
| 650 | _awomen & law | ||
| 650 | _awomen-SL | ||
| 942 | _cBK | ||
| 999 |
_c2556 _d2556 |
||